Folio of the Artillery and Engineer School, Berlin, Germany, (Record no. 41463)

MARC details
000 -LEADER
fixed length control field 00884cpcaa2200241 4500
001 - CONTROL NUMBER
control field mm 79004253
003 - CONTROL NUMBER IDENTIFIER
control field DLC
005 - DATE AND TIME OF LATEST TRANSACTION
control field 20260227111645.0
008 - FIXED-LENGTH DATA ELEMENTS--GENERAL INFORMATION
fixed length control field 790601|||||||||||| ger
010 ## - LIBRARY OF CONGRESS CONTROL NUMBER
LC control number mm 79004253
040 ## - CATALOGING SOURCE
Original cataloging agency DLC
Transcribing agency DLC
Description conventions dacs
Modifying agency DLC
041 ## - LANGUAGE CODE
Language code of text/sound track or separate title ger
-- eng
072 #7 - SUBJECT CATEGORY CODE
Subject category code W
Source lcmd
110 2# - MAIN ENTRY--CORPORATE NAME
Corporate name or jurisdiction name as entry element Artillery and Engineer School (Berlin, Germany)
245 00 - TITLE STATEMENT
Title Folio of the Artillery and Engineer School, Berlin, Germany,
Inclusive dates 1894-1895.
300 ## - PHYSICAL DESCRIPTION
Extent 1
Type of unit item.
506 0# - RESTRICTIONS ON ACCESS NOTE
Terms governing access Open to research.
533 ## - REPRODUCTION NOTE
Type of reproduction In part, typewritten transcript.
Place of reproduction [S.l.].
546 ## - LANGUAGE NOTE
Language note Collection material in German, with English.
580 ## - LINKING ENTRY COMPLEXITY NOTE
Linking entry complexity note Forms part of: Miscellaneous Manuscripts collection.

No items available.

Powered by Koha